Critical discourse analysis : (Record no. 21958)

MARC details
000 -LEADER
fixed length control field 00880cam a22002775a 4500
001 - CONTROL NUMBER
control field 015415323
003 - CONTROL NUMBER IDENTIFIER
control field OSt
005 - DATE AND TIME OF LATEST TRANSACTION
control field 20201128023749.0
008 - FIXED-LENGTH DATA ELEMENTS--GENERAL INFORMATION
fixed length control field 091012s2010 enka frb 001 0 eng d
020 ## - INTERNATIONAL STANDARD BOOK NUMBER
International Standard Book Number 9781405858229 (pbk.)
020 ## - INTERNATIONAL STANDARD BOOK NUMBER
International Standard Book Number 1405858222 (pbk.)
040 ## - CATALOGING SOURCE
Original cataloging agency StDuBDS
Language of cataloging eng
Transcribing agency StDuBDS
Modifying agency Uk
-- EG-ScBUE
082 04 - DEWEY DECIMAL CLASSIFICATION NUMBER
Edition number 22
Classification number 306.44
Item number FAI
100 1# - MAIN ENTRY--PERSONAL NAME
Personal name Fairclough, Norman,
Dates associated with a name 1941-
9 (RLIN) 40326
245 10 - TITLE STATEMENT
Title Critical discourse analysis :
Remainder of title the critical study of language /
Statement of responsibility, etc Norman Fairclough.
250 ## - EDITION STATEMENT
Edition statement 2nd ed.
260 ## - PUBLICATION, DISTRIBUTION, ETC. (IMPRINT)
Place of publication, distribution, etc Oxon ;
-- New York :
Name of publisher, distributor, etc Routledge / Taylor & Francis Group,
Date of publication, distribution, etc 2010.
300 ## - PHYSICAL DESCRIPTION
Extent xi, 591 p. :
Other physical details ill. ;
Dimensions 24 cm.
500 ## - GENERAL NOTE
General note Index : p. [582]-591.
504 ## - BIBLIOGRAPHY, ETC. NOTE
Bibliography, etc Bibliography : p. [558]-581.
650 #7 - SUBJECT ADDED ENTRY--TOPICAL TERM
Topical term or geographic name as entry element Sociolinguistics.
Source of heading or term BUEsh
9 (RLIN) 39810
651 ## - SUBJECT ADDED ENTRY--GEOGRAPHIC NAME
Source of heading or term BUEsh
653 ## - INDEX TERM--UNCONTROLLED
Resource For college
Arrived date list June2016
650 #7 - SUBJECT ADDED ENTRY--TOPICAL TERM
9 (RLIN) 776
Topical term or geographic name as entry element Discourse analysis
Source of heading or term BUEsh
942 ## - ADDED ENTRY ELEMENTS (KOHA)
Source of classification or shelving scheme Dewey Decimal Classification
Holdings
Withdrawn status Item status Source of classification or shelving scheme Damaged status Not for loan Vendor Home library Current library Shelving location Date acquired Source of acquisition Cost, normal purchase price Serial Enumeration / chronology Total Checkouts Total Renewals Full call number Barcode Date last seen Date last borrowed Cost, replacement price Koha item type
    Dewey Decimal Classification     Baccah Central Library Central Library First floor 26/06/2016 Purchase 374.00 25868 5 21 306.44 FAI 000032854 15/07/2025 01/12/2021 25868.00 Book - Borrowing